Digit 1001-1500 - Statistics

General Stats
  • This quiz has been taken 27 times
  • The average score is 143 of 500
Answer Stats
Digits % Correct
0
100%
3
100%
8
100%
9
100%
9
75%
1
63%
2
63%
2
63%
5
63%
0
50%
0
50%
1
50%
1
50%
2
50%
2
50%
3
50%
3
50%
3
50%
5
50%
6
50%
7
50%
1
38%
1
38%
1
38%
1
38%
1
38%
1
38%
1
38%
1
38%
1
38%
1
38%
1
38%
1
38%
1
38%
1
38%
1
38%
1
38%
1
38%
1
38%
1
38%
1
38%
1
38%
1
38%
1
38%
1
38%
1
38%
1
38%
1
38%
1
38%
1
38%
1
38%
1
38%
1
38%
1
38%
1
38%
1
38%
1
38%
1
38%
1
38%
1
38%
1
38%
1
38%
2
38%
2
38%
2
38%
2
38%
2
38%
2
38%
2
38%
2
38%
2
38%
2
38%
2
38%
2
38%
2
38%
2
38%
2
38%
2
38%
2
38%
2
38%
2
38%
2
38%
2
38%
2
38%
2
38%
2
38%
2
38%
2
38%
2
38%
2
38%
2
38%
2
38%
2
38%
2
38%
2
38%
2
38%
2
38%
2
38%
2
38%
2
38%
2
38%
2
38%
2
38%
2
38%
2
38%
2
38%
3
38%
3
38%
3
38%
3
38%
3
38%
3
38%
3
38%
4
38%
5
38%
5
38%
5
38%
5
38%
6
38%
6
38%
6
38%
6
38%
7
38%
7
38%
8
38%
8
38%
8
38%
8
38%
8
38%
8
38%
8
38%
9
38%
9
38%
0
25%
0
25%
0
25%
0
25%
0
25%
0
25%
0
25%
0
25%
0
25%
0
25%
0
25%
0
25%
0
25%
0
25%
0
25%
0
25%
0
25%
0
25%
0
25%
0
25%
0
25%
0
25%
0
25%
0
25%
0
25%
0
25%
0
25%
0
25%
0
25%
0
25%
0
25%
0
25%
0
25%
0
25%
0
25%
0
25%
0
25%
0
25%
0
25%
0
25%
0
25%
0
25%
0
25%
0
25%
0
25%
0
25%
0
25%
1
25%
1
25%
1
25%
2
25%
2
25%
3
25%
3
25%
3
25%
3
25%
3
25%
3
25%
3
25%
3
25%
3
25%
3
25%
3
25%
3
25%
3
25%
3
25%
3
25%
3
25%
3
25%
3
25%
3
25%
3
25%
3
25%
3
25%
3
25%
3
25%
3
25%
3
25%
3
25%
3
25%
3
25%
3
25%
3
25%
4
25%
4
25%
4
25%
4
25%
4
25%
4
25%
4
25%
4
25%
4
25%
4
25%
4
25%
4
25%
4
25%
4
25%
4
25%
4
25%
4
25%
4
25%
4
25%
4
25%
4
25%
4
25%
4
25%
4
25%
4
25%
4
25%
4
25%
4
25%
4
25%
4
25%
4
25%
4
25%
4
25%
4
25%
4
25%
4
25%
4
25%
4
25%
4
25%
4
25%
4
25%
4
25%
4
25%
5
25%
5
25%
5
25%
5
25%
5
25%
5
25%
5
25%
5
25%
5
25%
5
25%
5
25%
5
25%
5
25%
5
25%
5
25%
5
25%
5
25%
5
25%
5
25%
5
25%
5
25%
5
25%
5
25%
5
25%
5
25%
5
25%
5
25%
5
25%
5
25%
5
25%
5
25%
5
25%
5
25%
5
25%
5
25%
5
25%
5
25%
5
25%
5
25%
5
25%
5
25%
5
25%
5
25%
5
25%
6
25%
6
25%
6
25%
6
25%
6
25%
6
25%
6
25%
6
25%
6
25%
6
25%
6
25%
6
25%
6
25%
6
25%
6
25%
6
25%
6
25%
6
25%
6
25%
6
25%
6
25%
6
25%
6
25%
6
25%
6
25%
6
25%
6
25%
6
25%
6
25%
6
25%
6
25%
6
25%
6
25%
6
25%
6
25%
6
25%
7
25%
7
25%
7
25%
7
25%
7
25%
7
25%
7
25%
7
25%
7
25%
7
25%
7
25%
7
25%
7
25%
7
25%
7
25%
7
25%
7
25%
7
25%
7
25%
7
25%
7
25%
7
25%
7
25%
7
25%
7
25%
7
25%
7
25%
7
25%
7
25%
7
25%
7
25%
7
25%
7
25%
7
25%
7
25%
7
25%
8
25%
8
25%
8
25%
8
25%
8
25%
8
25%
8
25%
8
25%
8
25%
8
25%
8
25%
8
25%
8
25%
8
25%
8
25%
8
25%
8
25%
8
25%
8
25%
8
25%
8
25%
8
25%
8
25%
8
25%
8
25%
8
25%
8
25%
8
25%
8
25%
8
25%
8
25%
8
25%
8
25%
8
25%
8
25%
8
25%
8
25%
8
25%
8
25%
8
25%
9
25%
9
25%
9
25%
9
25%
9
25%
9
25%
9
25%
9
25%
9
25%
9
25%
9
25%
9
25%
9
25%
9
25%
9
25%
9
25%
9
25%
9
25%
9
25%
9
25%
9
25%
9
25%
9
25%
9
25%
9
25%
9
25%
9
25%
9
25%
9
25%
9
25%
9
25%
9
25%
9
25%
9
25%
9
25%
9
25%
9
25%
9
25%
9
25%
9
25%
9
25%
9
25%
9
25%
9
25%
9
25%
9
25%
9
25%
9
25%
9
25%
9
25%
9
25%
9
25%
9
25%
9
25%
9
25%
9
25%
3
13%
3
13%
4
13%
4
13%
4
13%
5
13%
5
13%
5
13%
5
13%
5
13%
5
13%
5
13%
5
13%
6
13%
6
13%
6
13%
6
13%
6
13%
6
13%
6
13%
7
13%
7
13%
7
13%
7
13%
7
13%
7
13%
7
13%
7
13%
7
13%
No matching quizzes found
Score Distribution
Percent of People with Each Score
Percentile by Number Answered
Your Score History
You have not taken this quiz